[Event "Madrid ch 2021-2022 Final"]
[Site "Madrid ESP"]
[Date "2022.05.29"]
[Round "5.9"]
[White "Rottenwohrer Suarez, Juan"]
[Black "Rey Martinez, Jaime"]
[Result "1/2-1/2"]
[WhiteElo "2256"]
[BlackElo "2055"]
[PlyCount "110"]
[EventDate "2022.05.25"]
[EventType "swiss"]
[EventRounds "7"]
[EventCountry "ESP"]
[SourceTitle "Ajedrez en Madrid"]
[Source "lmi"]
[SourceDate "2022.05.26"]
[SourceVersion "1"]
[SourceVersionDate "2022.05.31"]
[SourceQuality "1"]

1. d4 d5 2. c4 dxc4 3. Nf3 Nf6 4. e3 e6 5. Bxc4 c5 6. O-O a6 7. Be2 b5 8. a4 b4
9. b3 Bb7 10. Bb2 Nbd7 11. Nbd2 Be7 12. Nc4 O-O 13. h3 Nb6 14. Na5 Bd5 15. Ne5
Qc7 16. f3 Rad8 17. Qc2 Bd6 18. Rfc1 Nbd7 19. Nac4 Be7 20. Nd2 Qa7 21. Nd3 cxd4
22. Bxd4 Qb8 23. Qc7 Qa8 24. Qa5 Rb8 25. Ne5 Bb7 26. Ndc4 Bd5 27. Nxd7 Nxd7 28.
Qc7 Rfd8 29. Nb6 Qb7 30. Qg3 e5 31. Nxd7 exd4 32. Nxb8 Bd6 33. Qh4 Qxb8 34.
exd4 Bf4 35. Bc4 Bxc1 36. Rxc1 Rc8 37. Qf2 Bxc4 38. bxc4 Qf4 39. Qb2 Qe3+ 40.
Kh1 h6 41. Rc2 Qe1+ 42. Kh2 a5 43. Qc1 Qh4 44. Qe3 b3 45. Qxb3 Qxd4 46. Qc3
Qd6+ 47. Kh1 Qd1+ 48. Kh2 Qd6+ 49. Kg1 Qd1+ 50. Kf2 Re8 51. Qd2 Qa1 52. Ra2 Qe5
53. Kf1 Rb8 54. Rc2 Qa1+ 55. Kf2 Qxa4 1/2-1/2

[Event "Madrid ch 2021-2022 Final"]
[Site "Madrid ESP"]
[Date "2022.05.29"]
[Round "5.10"]
[White "Vaquerizo Calvo, Miguel Arturo"]
[Black "Bravo De La Vega, Alvaro"]
[Result "0-1"]
[WhiteElo "2057"]
[BlackElo "2082"]
[PlyCount "72"]
[EventDate "2022.05.25"]
[EventType "swiss"]
[EventRounds "7"]
[EventCountry "ESP"]
[SourceTitle "Ajedrez en Madrid"]
[Source "lmi"]
[SourceDate "2022.05.26"]
[SourceVersion "1"]
[SourceVersionDate "2022.05.31"]
[SourceQuality "1"]

1. e4 c5 2. Nc3 d6 3. Nf3 Nf6 4. d4 cxd4 5. Nxd4 Nc6 6. Bc4 e6 7. Be3 Be7 8.
Qe2 a6 9. O-O-O Qc7 10. Bb3 Bd7 11. Rhg1 Na5 12. g4 Nxb3+ 13. axb3 Bc6 14. f3
h6 15. h4 g6 16. g5 hxg5 17. hxg5 Nh5 18. Qf2 b5 19. b4 Rc8 20. f4 Bd7 21. f5
Qc4 22. Rdf1 Rh7 23. fxg6 fxg6 24. Nde2 a5 25. Ng3 Nxg3 26. Rxg3 axb4 27. Rf3
Bc6 28. b3 Qxc3 29. Bd4 Rh2 30. Rf8+ Kd7 31. Qxh2 Qxd4 32. R8f7 Qa1+ 33. Kd2
Qc3+ 34. Kc1 Re8 35. Qf2 Bxe4 36. Rd1 Ra8 0-1

[Event "Madrid ch 2021-2022 Final"]
[Site "Madrid ESP"]
[Date "2022.05.29"]
[Round "5.11"]
[White "Tenorio Garcia, Joel"]
[Black "Centeno Mendoza, Julio Stefano"]
[Result "1/2-1/2"]
[WhiteElo "2027"]
[BlackElo "2050"]
[PlyCount "35"]
[EventDate "2022.05.25"]
[EventType "swiss"]
[EventRounds "7"]
[EventCountry "ESP"]
[SourceTitle "Ajedrez en Madrid"]
[Source "lmi"]
[SourceDate "2022.05.26"]
[SourceVersion "1"]
[SourceVersionDate "2022.05.31"]
[SourceQuality "1"]

1. e4 e5 2. Nf3 Nc6 3. Nc3 Nf6 4. d4 exd4 5. Nd5 Be7 6. Bd3 d6 7. h3 Nxd5 8.
exd5 Ne5 9. Nxd4 Nxd3+ 10. Qxd3 Bf6 11. O-O O-O 12. Re1 Bxd4 13. Qxd4 Bf5 14.
c4 Qd7 15. Bd2 b6 16. Bc3 f6 17. Re3 Rae8 18. Rae1 1/2-1/2

[Event "Madrid ch 2021-2022 Final"]
[Site "Madrid ESP"]
[Date "2022.05.29"]
[Round "5.12"]
[White "Horcajuelo Rocamora, Martin"]
[Black "Ruiz Vazquez, Javier"]
[Result "1-0"]
[WhiteElo "2126"]
[BlackElo "1960"]
[PlyCount "35"]
[EventDate "2022.05.25"]
[EventType "swiss"]
[EventRounds "7"]
[EventCountry "ESP"]
[SourceTitle "Ajedrez en Madrid"]
[Source "lmi"]
[SourceDate "2022.05.26"]
[SourceVersion "1"]
[SourceVersionDate "2022.05.31"]
[SourceQuality "1"]

1. d4 Nf6 2. c4 g6 3. Nc3 d5 4. cxd5 Nxd5 5. Bd2 Bg7 6. e4 Nxc3 7. Bxc3 O-O 8.
Qd2 c5 9. d5 Nd7 10. Bxg7 Kxg7 11. Qc3+ Nf6 12. O-O-O Kg8 13. f3 Qc7 14. d6 Qb6
15. e5 Nd7 16. e6 fxe6 17. Bc4 Nf6 18. dxe7 1-0

[Event "Madrid ch 2021-2022 Final"]
[Site "Madrid ESP"]
[Date "2022.05.30"]
[Round "6.1"]
[White "Alarcia Astiz, Carlos"]
[Black "Moreno Ruiz, Javier"]
[Result "1/2-1/2"]
[WhiteElo "2273"]
[BlackElo "2422"]
[PlyCount "52"]
[EventDate "2022.05.25"]
[EventType "swiss"]
[EventRounds "7"]
[EventCountry "ESP"]
[SourceTitle "Ajedrez en Madrid"]
[Source "lmi"]
[SourceDate "2022.05.26"]
[SourceVersion "1"]
[SourceVersionDate "2022.05.31"]
[SourceQuality "1"]

1. e4 c5 2. Nf3 Nc6 3. d4 cxd4 4. Nxd4 e5 5. Nb5 d6 6. c4 Be7 7. N1c3 a6 8. Na3
Be6 9. Nc2 Bg5 10. Be2 Bxc1 11. Rxc1 Nf6 12. O-O O-O 13. Qd2 Qb6 14. Rfd1 Rfd8
15. b3 Rac8 16. h3 h6 17. Ne3 Nd4 18. Nc2 Nc6 19. Ne3 Kf8 20. Bg4 Qa5 21. Bxe6
fxe6 22. Ng4 Nxg4 23. hxg4 Rc7 24. Qe3 Nd4 25. g5 Kg8 26. gxh6 Rf8 1/2-1/2

[Event "Madrid ch 2021-2022 Final"]
[Site "Madrid ESP"]
[Date "2022.05.30"]
[Round "6.2"]
[White "Ruiz Buendia, Miguel"]
[Black "Suarez Uriel, Adrian"]
[Result "1-0"]
[WhiteElo "2162"]
[BlackElo "2370"]
[PlyCount "52"]
[EventDate "2022.05.25"]
[EventType "swiss"]
[EventRounds "7"]
[EventCountry "ESP"]
[SourceTitle "Ajedrez en Madrid"]
[Source "lmi"]
[SourceDate "2022.05.26"]
[SourceVersion "1"]
[SourceVersionDate "2022.05.31"]
[SourceQuality "1"]

1. e4 c5 2. Nf3 d6 3. d4 cxd4 4. Nxd4 Nf6 5. Nc3 a6 6. Bg5 e6 7. f4 Be7 8. Qf3
Qc7 9. f5 Nc6 10. O-O-O Nxd4 11. Rxd4 b5 12. h4 Bb7 13. g4 h6 14. Be3 e5 15.
Rd2 Qa5 16. Kb1 Rc8 17. g5 hxg5 18. hxg5 Rxh1 19. gxf6 Rxc3 20. bxc3 Bxe4 21.
Qxh1 Bxh1 22. fxg7 Qxc3 23. g8=Q+ Kd7 24. Qg4 Qxe3 25. f6+ Ke8 26. Rxd6 Qc5 1-0

[Event "Madrid ch 2021-2022 Final"]
[Site "Madrid ESP"]
[Date "2022.05.30"]
[Round "6.3"]
[White "Torres Boch, Jose F."]
[Black "Martinez Fernandez, Raul"]
[Result "1-0"]
[WhiteElo "2134"]
[BlackElo "2204"]
[PlyCount "73"]
[EventDate "2022.05.25"]
[EventType "swiss"]
[EventRounds "7"]
[EventCountry "ESP"]
[SourceTitle "Ajedrez en Madrid"]
[Source "lmi"]
[SourceDate "2022.05.26"]
[SourceVersion "1"]
[SourceVersionDate "2022.05.31"]
[SourceQuality "1"]

1. e4 e5 2. Nf3 Nc6 3. Bb5 a6 4. Ba4 Nf6 5. O-O Be7 6. Re1 b5 7. Bb3 O-O 8. a4
Bb7 9. d3 d6 10. Bd2 Nb8 11. Nc3 c6 12. Ne2 Nbd7 13. c3 Re8 14. Ng3 Bf8 15. Nf5
d5 16. N3h4 c5 17. Qf3 c4 18. dxc4 Nc5 19. Bg5 Ncxe4 20. Rxe4 dxe4 21. Qg3 Qd3
22. Ne3 Nh5 23. Qg4 Nf4 24. cxb5 Bc8 25. Nhf5 Qe2 26. Qg3 Qxb2 27. Nh6+ gxh6
28. Bxf4+ Kh8 29. Bxe5+ Rxe5 30. Qxe5+ Kg8 31. Bxf7+ Kxf7 32. Rd1 Be6 33. Qxe4
Rc8 34. Qxh7+ Ke8 35. Qg6+ Bf7 36. Qe4+ Be7 37. Nf5 1-0

[Event "Madrid ch 2021-2022 Final"]
[Site "Madrid ESP"]
[Date "2022.05.30"]
[Round "6.4"]
[White "Martin Duque, Jesus"]
[Black "De La Puerta Cresis, Javier"]
[Result "1-0"]
[WhiteElo "2391"]
[BlackElo "2128"]
[PlyCount "71"]
[EventDate "2022.05.25"]
[EventType "swiss"]
[EventRounds "7"]
[EventCountry "ESP"]
[SourceTitle "Ajedrez en Madrid"]
[Source "lmi"]
[SourceDate "2022.05.26"]
[SourceVersion "1"]
[SourceVersionDate "2022.05.31"]
[SourceQuality "1"]

1. c4 Nf6 2. Nf3 g6 3. d4 Bg7 4. e3 O-O 5. Be2 d5 6. cxd5 Nxd5 7. e4 Nb6 8. a4
a5 9. Be3 Bg4 10. Nbd2 Nc6 11. h3 Bxf3 12. Nxf3 e5 13. d5 Nb4 14. O-O Nc8 15.
Bg5 Bf6 16. Bh6 Bg7 17. Bg5 Bf6 18. Bd2 Nd6 19. Bxb4 axb4 20. Bd3 Ne8 21. Qb3
Qd6 22. Rfc1 Be7 23. Nd2 Qf6 24. Bb5 Qf4 25. Qd3 Bd6 26. Bxe8 Rfxe8 27. b3 b6
28. Rc6 Ra7 29. Nc4 Bc5 30. Qf3 Qg5 31. d6 cxd6 32. Nxb6 Re6 33. Rc8+ Kg7 34.
Nd5 f5 35. a5 fxe4 36. Qf8# 1-0

[Event "Madrid ch 2021-2022 Final"]
[Site "Madrid ESP"]
[Date "2022.05.30"]
[Round "6.5"]
[White "Ingunza Curro, Andres"]
[Black "Perdomo Araujo, Angel Eduardo"]
[Result "1/2-1/2"]
[WhiteElo "2374"]
[BlackElo "2065"]
[PlyCount "127"]
[EventDate "2022.05.25"]
[EventType "swiss"]
[EventRounds "7"]
[EventCountry "ESP"]
[SourceTitle "Ajedrez en Madrid"]
[Source "lmi"]
[SourceDate "2022.05.26"]
[SourceVersion "1"]
[SourceVersionDate "2022.05.31"]
[SourceQuality "1"]

1. e4 d5 2. exd5 Qxd5 3. Nc3 Qd6 4. d4 Nf6 5. Nf3 c6 6. Ne5 Nbd7 7. Nc4 Qc7 8.
a4 Nb6 9. Ne5 a5 10. Qf3 Be6 11. Bf4 Qc8 12. Bd3 Nbd5 13. Nxd5 Bxd5 14. Qe2
Bxg2 15. Rg1 Bh3 16. O-O-O g6 17. Nc4 Qe6 18. Qd2 Ne4 19. Bxe4 Qxc4 20. b3 Qb4
21. Qxb4 axb4 22. d5 Bd7 23. dxc6 Bxc6 24. Rge1 e6 25. Be5 Rg8 26. Bxc6+ bxc6
27. Re4 Rd8 28. Red4 Rd5 29. Bf6 Kd7 30. c3 bxc3 31. Kc2 Bc5 32. Rxd5+ exd5 33.
Bxc3 Re8 34. f3 Re2+ 35. Rd2 Rxd2+ 36. Bxd2 Bg1 37. h3 c5 38. Kd3 Kc6 39. Be1
f5 40. Bd2 Bf2 41. Bh6 Bg1 42. Bd2 Kb6 43. Bg5 Bh2 44. Bd2 Be5 45. Be3 Kc6 46.
Bd2 Bf6 47. Bh6 g5 48. Bf8 h5 49. Bh6 g4 50. fxg4 fxg4 51. hxg4 hxg4 52. Bf4
Be7 53. Ke2 Bd6 54. Be3 Be5 55. Bd2 Bd4 56. Be1 Kb6 57. Kd3 Be5 58. Ke3 Kc6 59.
Bd2 g3 60. Kf3 c4 61. bxc4 dxc4 62. Kg2 Kc5 63. Kf3 Kd5 64. Be1 1/2-1/2

[Event "Madrid ch 2021-2022 Final"]
[Site "Madrid ESP"]
[Date "2022.05.30"]
[Round "6.6"]
[White "Rodriguez Melendez, Juan Humbert"]
[Black "Ortega Ruiz, Jose Miguel"]
[Result "0-1"]
[WhiteElo "2098"]
[BlackElo "2318"]
[PlyCount "136"]
[EventDate "2022.05.25"]
[EventType "swiss"]
[EventRounds "7"]
[EventCountry "ESP"]
[SourceTitle "Ajedrez en Madrid"]
[Source "lmi"]
[SourceDate "2022.05.26"]
[SourceVersion "1"]
[SourceVersionDate "2022.05.31"]
[SourceQuality "1"]

1. e4 e5 2. Nf3 Nc6 3. Bc4 Bc5 4. d3 d6 5. Nc3 Na5 6. Bb5+ c6 7. Ba4 b5 8. Bb3
Nxb3 9. axb3 Qb6 10. O-O Ne7 11. Ne2 O-O 12. c3 Qc7 13. b4 Bb6 14. Be3 Bxe3 15.
fxe3 d5 16. Ng3 c5 17. bxc5 Qxc5 18. d4 exd4 19. exd4 Qb6 20. Ne5 Ng6 21. Nxg6
hxg6 22. e5 b4 23. Qa4 a5 24. Rf3 Ra7 25. h3 Bd7 26. Qb3 a4 27. Qd1 a3 28. Qb3
Rb8 29. bxa3 bxa3 30. Qxb6 Rxb6 31. c4 a2 32. cxd5 Rb1+ 33. Rf1 Rxa1 34. Rxa1
Bb5 35. Ne4 Bc4 36. d6 Kf8 37. Kf2 Ke8 38. Ke3 Kd7 39. Kd2 Kc6 40. Nc3 f6 41.
Kc2 fxe5 42. dxe5 Ra5 43. Kb2 Rxe5 44. Rd1 Kd7 45. Rd2 Ra5 46. Rd1 g5 47. g3
Rf5 48. Rd2 Ra5 49. Rd1 Be6 50. h4 g4 51. Ra1 Kxd6 52. Kc2 Bf5+ 53. Kd2 Be6 54.
Kd3 Rf5 55. Kd4 Ra5 56. Ke4 Kc5 57. Kf4 Kb4 58. Nxa2+ Bxa2 59. Re1 Ra6 60. Kxg4
Rg6+ 61. Kf4 Rf6+ 62. Kg5 Kc5 63. h5 Kd6 64. Ra1 Bf7 65. Ra7 Ke6 66. g4 Rf1 67.
h6 g6 68. Ra6+ Ke7 0-1

[Event "Madrid ch 2021-2022 Final"]
[Site "Madrid ESP"]
[Date "2022.05.30"]
[Round "6.7"]
[White "Bravo De La Vega, Alvaro"]
[Black "Bello Burguet, Glenier Lazaro"]
[Result "0-1"]
[WhiteElo "2082"]
[BlackElo "1993"]
[PlyCount "128"]
[EventDate "2022.05.25"]
[EventType "swiss"]
[EventRounds "7"]
[EventCountry "ESP"]
[SourceTitle "Ajedrez en Madrid"]
[Source "lmi"]
[SourceDate "2022.05.26"]
[SourceVersion "1"]
[SourceVersionDate "2022.05.31"]
[SourceQuality "1"]

1. c4 e5 2. Nc3 Nf6 3. g3 Bb4 4. Bg2 O-O 5. d3 c6 6. Nf3 Re8 7. O-O h6 8. a3
Bf8 9. d4 e4 10. Nd2 d5 11. cxd5 cxd5 12. e3 Bg4 13. f3 exf3 14. Nxf3 Qd7 15.
Qd3 Nc6 16. Bd2 Rad8 17. Nh4 Bh3 18. Nf5 Bxg2 19. Kxg2 Ne4 20. Nxe4 Rxe4 21.
Rf2 g6 22. Nh4 Be7 23. Nf3 f6 24. Bc3 Kg7 25. Nd2 Re6 26. Raf1 h5 27. b4 a6 28.
Nf3 Bd6 29. Nh4 Ne7 30. Bd2 Qb5 31. Qb3 Rc8 32. e4 Rxe4 33. Rxf6 Re2+ 34. Kg1
Rxd2 35. Rf7+ Kg8 36. Qf3 Qe2 37. Rf8+ Kh7 38. Qxe2 Rxe2 39. R1f7+ Kh6 40. Rxc8
Nxc8 41. Rxb7 Re7 42. Rxe7 Bxe7 43. Nf3 Nb6 44. Ne5 Bf6 45. Nc6 Kg5 46. Kg2 Kf5
47. Kf3 Na8 48. a4 Nc7 49. Ke3 Kg4 50. Nb8 Be7 51. b5 axb5 52. axb5 Nxb5 53.
Nd7 Kf5 54. Nb6 Bg5+ 55. Kd3 Ke6 56. Na4 Bf6 57. Nc5+ Ke7 58. Nb3 Nxd4 59. Nd2
Nc6 60. h3 Ne5+ 61. Ke2 Bg5 62. Nb3 Nc6 63. g4 hxg4 64. hxg4 Ne5 0-1

[Event "Madrid ch 2021-2022 Final"]
[Site "Madrid ESP"]
[Date "2022.05.30"]
[Round "6.8"]
[White "Simonyan, Arturo"]
[Black "Barez Menendez, Hector"]
[Result "1/2-1/2"]
[WhiteElo "1895"]
[BlackElo "2066"]
[PlyCount "55"]
[EventDate "2022.05.25"]
[EventType "swiss"]
[EventRounds "7"]
[EventCountry "ESP"]
[SourceTitle "Ajedrez en Madrid"]
[Source "lmi"]
[SourceDate "2022.05.26"]
[SourceVersion "1"]
[SourceVersionDate "2022.05.31"]
[SourceQuality "1"]

1. e4 e5 2. Nf3 Nf6 3. Nxe5 d6 4. Nf3 Nxe4 5. Nc3 Nxc3 6. dxc3 Be7 7. Be3 O-O
8. Qd2 Nd7 9. O-O-O Nf6 10. Bd3 c5 11. Rhe1 Be6 12. Kb1 Qa5 13. c4 Qxd2 14.
Bxd2 Rfe8 15. Ng5 Bg4 16. f3 Bh5 17. Bf4 Bg6 18. Bxg6 hxg6 19. Ne4 Nxe4 20.
Rxe4 f5 21. Re6 Kf7 22. Rde1 Bf8 23. Rxe8 Rxe8 24. Rxe8 Kxe8 25. h4 Be7 26. g3
Kd7 27. c3 Bf6 28. Be3 1/2-1/2

[Event "Madrid ch 2021-2022 Final"]
[Site "Madrid ESP"]
[Date "2022.05.30"]
[Round "6.9"]
[White "Rottenwohrer Suarez, Juan"]
[Black "Candela Perez, Jose"]
[Result "1-0"]
[WhiteElo "2256"]
[BlackElo "2336"]
[PlyCount "101"]
[EventDate "2022.05.25"]
[EventType "swiss"]
[EventRounds "7"]
[EventCountry "ESP"]
[SourceTitle "Ajedrez en Madrid"]
[Source "lmi"]
[SourceDate "2022.05.26"]
[SourceVersion "1"]
[SourceVersionDate "2022.05.31"]
[SourceQuality "1"]

1. d4 d5 2. c4 e6 3. Nc3 c6 4. Nf3 dxc4 5. a4 Bb4 6. e3 b5 7. Bd2 Qe7 8. axb5
Bxc3 9. Bxc3 cxb5 10. d5 Nf6 11. d6 Qb7 12. b3 O-O 13. bxc4 Ne4 14. Bb2 bxc4
15. Ba3 Bd7 16. Bxc4 Rc8 17. Qd4 a6 18. O-O Bb5 19. Rfb1 Nd7 20. Rb4 Nxd6 21.
Bxe6 fxe6 22. Qxd6 Qd5 23. Qg3 Nf6 24. Bb2 Rf8 25. h3 Nh5 26. Qh4 Nf6 27. Rc1
Ra7 28. Rf4 Raf7 29. Bd4 h6 30. Rc5 Qd8 31. Ne5 Rb7 32. Ng6 Rff7 33. Bxf6 gxf6
34. Rh5 Bd3 35. Rxh6 Rh7 36. Ne5 Rxh6 37. Qxh6 Rg7 38. Rh4 Bh7 39. Ng4 Kf7 40.
Qh5+ Bg6 41. Qc5 Qe7 42. Nh6+ Kf8 43. Qc8+ Be8 44. Qxa6 Rh7 45. Qc4 Kg7 46. Qf4
Bg6 47. g3 f5 48. Qe5+ Qf6 49. Qc7+ Kf8 50. Qb8+ Kg7 51. Qg8# 1-0

[Event "Madrid ch 2021-2022 Final"]
[Site "Madrid ESP"]
[Date "2022.05.30"]
[Round "6.10"]
[White "Neagu, Roberto Florin"]
[Black "Rey Martinez, Jaime"]
[Result "1/2-1/2"]
[WhiteElo "2076"]
[BlackElo "2055"]
[PlyCount "40"]
[EventDate "2022.05.25"]
[EventType "swiss"]
[EventRounds "7"]
[EventCountry "ESP"]
[SourceTitle "Ajedrez en Madrid"]
[Source "lmi"]
[SourceDate "2022.05.26"]
[SourceVersion "1"]
[SourceVersionDate "2022.05.31"]
[SourceQuality "1"]

1. c4 e5 2. Nc3 Nc6 3. Nf3 Bb4 4. g3 Nge7 5. Bg2 O-O 6. O-O d6 7. d4 Bg4 8. d5
Nb8 9. Qc2 Nd7 10. a3 Bxc3 11. Qxc3 a5 12. h3 Bxf3 13. Bxf3 a4 14. e4 f5 15.
exf5 Nxf5 16. Bg4 Qf6 17. Be3 Nxe3 18. fxe3 Qe7 19. Be6+ Kh8 20. Bxd7 Qxd7
1/2-1/2

[Event "Madrid ch 2021-2022 Final"]
[Site "Madrid ESP"]
[Date "2022.05.30"]
[Round "6.11"]
[White "Centeno Mendoza, Julio Stefano"]
[Black "Vaquerizo Calvo, Miguel Arturo"]
[Result "1-0"]
[WhiteElo "2050"]
[BlackElo "2057"]
[PlyCount "79"]
[EventDate "2022.05.25"]
[EventType "swiss"]
[EventRounds "7"]
[EventCountry "ESP"]
[SourceTitle "Ajedrez en Madrid"]
[Source "lmi"]
[SourceDate "2022.05.26"]
[SourceVersion "1"]
[SourceVersionDate "2022.05.31"]
[SourceQuality "1"]

1. e4 e6 2. d4 d5 3. e5 c5 4. c3 Nc6 5. Nf3 Bd7 6. a3 f6 7. Bd3 Qc7 8. Bf4
O-O-O 9. b4 c4 10. Bc2 h6 11. h4 Be8 12. h5 Nge7 13. Bg3 f5 14. Nh4 g5 15. hxg6
Bxg6 16. Nd2 Bg7 17. Qe2 f4 18. Nxg6 Nxg6 19. Bxg6 fxg3 20. f4 Qb6 21. Nf3 Rdf8
22. Qe3 Ne7 23. Nh4 h5 24. O-O Bh6 25. Qxg3 Rhg8 26. f5 exf5 27. Bxf5+ Nxf5 28.
Qh3 Rg3 29. Qh2 Be3+ 30. Kh1 Rg5 31. Nxf5 Rgxf5 32. Rxf5 Rxf5 33. Qh3 Qe6 34.
Qxe3 Qg6 35. Kg1 Rg5 36. Qh3+ Kc7 37. Rf1 Rg3 38. Rf7+ Kb6 39. Rf6+ Qxf6 40.
exf6 1-0

[Event "Madrid ch 2021-2022 Final"]
[Site "Madrid ESP"]
[Date "2022.05.30"]
[Round "6.12"]
[White "Gueler Berdasco, Martin"]
[Black "Tenorio Garcia, Joel"]
[Result "1/2-1/2"]
[WhiteElo "1946"]
[BlackElo "2027"]
[PlyCount "101"]
[EventDate "2022.05.25"]
[EventType "swiss"]
[EventRounds "7"]
[EventCountry "ESP"]
[SourceTitle "Ajedrez en Madrid"]
[Source "lmi"]
[SourceDate "2022.05.26"]
[SourceVersion "1"]
[SourceVersionDate "2022.05.31"]
[SourceQuality "1"]

1. c4 Nf6 2. g3 g6 3. Bg2 d5 4. cxd5 Nxd5 5. Nc3 Nxc3 6. bxc3 Bg7 7. Rb1 Nc6 8.
Bb2 O-O 9. c4 Bxb2 10. Rxb2 Qd4 11. Qc2 Na5 12. d3 c5 13. Nf3 Qf6 14. Nd2 Nc6
15. Ne4 Qe5 16. Qc3 Nd4 17. e3 f5 18. exd4 cxd4 19. Qb3 fxe4 20. Bxe4 Bf5 21.
Re2 Qa5+ 22. Kf1 Bg4 23. Rb2 Qh5 24. Qxb7 Bh3+ 25. Ke1 Rab8 26. Qxb8 Rxb8 27.
Rxb8+ Kg7 28. Rb5 Bf5 29. Rf1 Qh6 30. Ke2 Bg4+ 31. Bf3 Bxf3+ 32. Kxf3 Qd2 33.
Rb3 Qxa2 34. Rfb1 e5 35. R1b2 Qa4 36. Rb7+ Kh6 37. Ke2 e4 38. R7b4 exd3+ 39.
Kxd3 Qd1+ 40. Rd2 Qf3+ 41. Kxd4 Qf6+ 42. Kd3 Qf3+ 43. Kc2 Qa3 44. Rb2 a5 45.
Kd1 Qf3+ 46. Ke1 Qh1+ 47. Ke2 Qe4+ 48. Kd1 Qxc4 49. h4 a4 50. Ra2 Qe4 51. Kc1
1/2-1/2

[Event "Madrid ch 2021-2022 Final"]
[Site "Madrid ESP"]
[Date "2022.05.31"]
[Round "7.1"]
[White "Moreno Ruiz, Javier"]
[Black "Ingunza Curro, Andres"]
[Result "1/2-1/2"]
[WhiteElo "2422"]
[BlackElo "2374"]
[PlyCount "31"]
[EventDate "2022.05.25"]
[EventType "swiss"]
[EventRounds "7"]
[EventCountry "ESP"]
[SourceTitle "Ajedrez en Madrid"]
[Source "lmi"]
[SourceDate "2022.05.26"]
[SourceVersion "1"]
[SourceVersionDate "2022.05.31"]
[SourceQuality "1"]

1. d4 d5 2. c4 e6 3. Nc3 Nf6 4. cxd5 exd5 5. Bg5 c6 6. Qc2 Be7 7. e3 Nbd7 8.
Nf3 Nh5 9. Bxe7 Qxe7 10. Be2 g6 11. O-O Nb6 12. Bd3 O-O 13. Rab1 Ng7 14. b4 Bf5
15. b5 Bxd3 16. Qxd3 1/2-1/2

[Event "Madrid ch 2021-2022 Final"]
[Site "Madrid ESP"]
[Date "2022.05.31"]
[Round "7.2"]
[White "Ruiz Buendia, Miguel"]
[Black "Torres Boch, Jose F."]
[Result "1-0"]
[WhiteElo "2162"]
[BlackElo "2134"]
[PlyCount "95"]
[EventDate "2022.05.25"]
[EventType "swiss"]
[EventRounds "7"]
[EventCountry "ESP"]
[SourceTitle "Ajedrez en Madrid"]
[Source "lmi"]
[SourceDate "2022.05.26"]
[SourceVersion "1"]
[SourceVersionDate "2022.05.31"]
[SourceQuality "1"]

1. e4 e5 2. Nf3 Nc6 3. Bc4 Bc5 4. c3 Nf6 5. d4 exd4 6. e5 d5 7. Bb5 Ne4 8. cxd4
Bb6 9. Nc3 O-O 10. Be3 Bg4 11. h3 Bh5 12. Qc2 Bg6 13. Qb3 Ne7 14. O-O c6 15.
Bd3 Nf5 16. Na4 Rc8 17. Nxb6 Qxb6 18. Bf4 c5 19. Qxb6 axb6 20. Rfd1 Nxd4 21.
Nxd4 cxd4 22. Bxe4 Bxe4 23. Rxd4 Rc4 24. Rad1 Rxd4 25. Rxd4 Rd8 26. f3 Bb1 27.
Bg5 Rd7 28. a4 h6 29. Be3 b5 30. axb5 Ba2 31. Rb4 Rc7 32. Ra4 Bc4 33. Ra8+ Kh7
34. b6 Rd7 35. Bd4 Kg6 36. Rg8 Bb5 37. Kf2 Re7 38. Rd8 Bc6 39. Rc8 Kf5 40. g4+
Kg6 41. Bc5 Rd7 42. Bd6 Bb5 43. Rc5 Bc4 44. f4 h5 45. f5+ Kg5 46. Bf8 hxg4 47.
e6 Rd8 48. Be7+ 1-0

[Event "Madrid ch 2021-2022 Final"]
[Site "Madrid ESP"]
[Date "2022.05.31"]
[Round "7.3"]
[White "Suarez Uriel, Adrian"]
[Black "Martin Duque, Jesus"]
[Result "1-0"]
[WhiteElo "2370"]
[BlackElo "2391"]
[PlyCount "91"]
[EventDate "2022.05.25"]
[EventType "swiss"]
[EventRounds "7"]
[EventCountry "ESP"]
[SourceTitle "Ajedrez en Madrid"]
[Source "lmi"]
[SourceDate "2022.05.26"]
[SourceVersion "1"]
[SourceVersionDate "2022.05.31"]
[SourceQuality "1"]

1. e4 c5 2. Nf3 e6 3. d4 cxd4 4. Nxd4 a6 5. Bd3 Nf6 6. Qe2 d6 7. O-O g6 8. c4
Bg7 9. Nc3 O-O 10. Be3 Nbd7 11. f3 Re8 12. Rfd1 b6 13. Qd2 Bb7 14. Bf1 Qc7 15.
Rac1 Rac8 16. b3 Qb8 17. Bf2 Qa8 18. Nc2 Bf8 19. Ne3 Be7 20. Qb2 Qb8 21. Kh1 h5
22. Bh4 Qc7 23. Qf2 Qd8 24. Bg3 Qc7 25. Bd3 Bf8 26. Bb1 Ne5 27. h3 Bg7 28. f4
Ned7 29. Nf1 Nc5 30. Re1 Qc6 31. Nd2 Ba8 32. Nf3 a5 33. Ng5 Qd7 34. Nb5 Bc6 35.
e5 Bxb5 36. exf6 Bxf6 37. cxb5 Qxb5 38. Qc2 d5 39. Bh4 Qd7 40. Qd2 Nb7 41. Bf2
Qd6 42. Bd3 Red8 43. Nf3 Nc5 44. Nd4 Nxd3 45. Qxd3 Qb4 46. Nc6 1-0

[Event "Madrid ch 2021-2022 Final"]
[Site "Madrid ESP"]
[Date "2022.05.31"]
[Round "7.4"]
[White "Ortega Ruiz, Jose Miguel"]
[Black "Perdomo Araujo, Angel Eduardo"]
[Result "1-0"]
[WhiteElo "2318"]
[BlackElo "2065"]
[PlyCount "55"]
[EventDate "2022.05.25"]
[EventType "swiss"]
[EventRounds "7"]
[EventCountry "ESP"]
[SourceTitle "Ajedrez en Madrid"]
[Source "lmi"]
[SourceDate "2022.05.26"]
[SourceVersion "1"]
[SourceVersionDate "2022.05.31"]
[SourceQuality "1"]

1. d4 Nf6 2. c4 g6 3. Nc3 d5 4. Bf4 Bg7 5. e3 O-O 6. Rc1 c5 7. dxc5 Qa5 8. cxd5
Nbd7 9. Qd2 Nxc5 10. Nf3 Rd8 11. Nb5 Qxd2+ 12. Nxd2 Na6 13. e4 Nh5 14. Be3 Bxb2
15. Rb1 Be5 16. Nxa7 Nc7 17. Bc4 Bf4 18. Nxc8 Rdxc8 19. Rxb7 Ne8 20. Ke2 Nd6
21. Rb4 Nxc4 22. Rxc4 Rxc4 23. Nxc4 Rxa2+ 24. Kf3 Bxe3 25. Kxe3 Nf6 26. Rb1 Ra7
27. Kd4 Nd7 28. Ke3 1-0

[Event "Madrid ch 2021-2022 Final"]
[Site "Madrid ESP"]
[Date "2022.05.31"]
[Round "7.5"]
[White "Bello Burguet, Glenier Lazaro"]
[Black "Alarcia Astiz, Carlos"]
[Result "1-0"]
[WhiteElo "1993"]
[BlackElo "2273"]
[PlyCount "105"]
[EventDate "2022.05.25"]
[EventType "swiss"]
[EventRounds "7"]
[EventCountry "ESP"]
[SourceTitle "Ajedrez en Madrid"]
[Source "lmi"]
[SourceDate "2022.05.26"]
[SourceVersion "1"]
[SourceVersionDate "2022.05.31"]
[SourceQuality "1"]

1. Nf3 Nf6 2. c4 g6 3. Nc3 Bg7 4. e4 d6 5. d4 O-O 6. Be2 c6 7. Be3 Nbd7 8. Nd2
a6 9. a4 c5 10. d5 Rb8 11. O-O Ne8 12. Ndb1 h6 13. Qd2 Kh7 14. Na3 g5 15. Nc2
Ne5 16. f4 gxf4 17. Rxf4 Ng6 18. Rf2 Nf6 19. Raf1 Qe8 20. h3 Nd7 21. g4 Nde5
22. Rf5 Bxf5 23. Rxf5 Nh4 24. Rf1 Rg8 25. Qe1 Nhg6 26. Rf5 Nd7 27. Qf2 Rf8 28.
e5 Ndxe5 29. Rh5 Qd7 30. Ne4 Kg8 31. Bxh6 Bxh6 32. Rxh6 Kg7 33. Ne3 Rh8 34.
Nf5+ Kg8 35. Rxh8+ Nxh8 36. Qe3 Qe8 37. Qh6 Qf8 38. Nxe7+ Qxe7 39. Nf6+ Qxf6
40. Qxf6 Nhg6 41. h4 Re8 42. h5 Nd7 43. Qxd6 Nge5 44. g5 b6 45. Bg4 Nxg4 46.
Qxd7 Re1+ 47. Kg2 Re2+ 48. Kf1 Re4 49. Qc8+ Kg7 50. h6+ Kg6 51. Qg8+ Kf5 52.
Qh7+ Kf4 53. Qxe4+ 1-0